Digital video.

Vol. 2- contain papers on digital video technology from various conferences plus other material.

Bibliographic Details
Corporate Author: Society of Motion Picture and Television Engineers
Format: Serial
Language:English
Published: Scarsdale, N.Y. : Society of Motion Picture and Television Engineers, 1977-
Subjects:
Online Availability: Check for online availability

MARC

Tag First Indicator Second Indicator Subfields
LEADER 00000cas a2200000 a 4500
001 in00000089014
005 20151008065236.0
008 810521c19779999nyuuu1 1 0a0eng d
010 |a sc 81003031  
012 |a 2 
022 0 |a 0730-5613 
035 |a (OCoLC)07436624 
035 |9 AAK5605AM 
040 |a TOL  |c TOL  |d CLU  |d DLC  |d NSD  |d TXA  |d UtOrBLW 
042 |a lc  |a nsdp 
049 |a TXAE 
090 |a TK6678  |b .D4 
210 0 |a Digit. video 
222 0 |a Digital video 
245 0 0 |a Digital video. 
264 1 |a Scarsdale, N.Y. :  |b Society of Motion Picture and Television Engineers,  |c 1977- 
300 |a volumes :  |b illustrations ;  |c 28 cm. 
336 |a text  |b txt  |2 rdacontent 
337 |a unmediated  |b n  |2 rdamedia 
338 |a volume  |b nc  |2 rdacarrier 
362 0 |a Vol. 1 (1977)- 
500 |a Description based on: Volume 2 (1979). 
520 |a Vol. 2- contain papers on digital video technology from various conferences plus other material. 
650 0 |a Television  |x Picture quality. 
650 0 |a Digital electronics. 
710 2 |a Society of Motion Picture and Television Engineers. 
999 |a MARS 
999 f f |s 1be56941-bcc6-3852-beaf-595a709f2708  |i 173a3504-a3ba-34cf-9d05-cb7a2b8f7ce1  |t 0 
952 f f |p ric  |a Texas A&M University  |b Rellis Campus  |c Joint Library Facility  |d Remote Storage  |t 0  |e TK6678 .D4  |h Library of Congress classification  |i unmediated -- volume  |k v.2  |l 1979  |m A14808100835 
952 f f |p ric  |a Texas A&M University  |b Rellis Campus  |c Joint Library Facility  |d Remote Storage  |t 0  |e TK6678 .D4  |h Library of Congress classification  |i unmediated -- volume  |k v.3  |l 1980  |m A14808100770 
998 f f |a TK6678 .D4  |s v.2 (1979)-v.3 (1980)   |t 0  |l Remote Storage